000 00917cam a22002654a 4500
005 20260322212016.0
008 data
010 _a 2005045423
020 _a0486442217 (pbk.)
020 _a9780486442211 (pbk.)
040 _aDLC
_cDLC
_dDLC
042 _apcc
050 0 0 _aQA275
_b.A25 2005
082 0 0 _a511/.43
_222
092 _a511.43 A25 2005
100 1 _aActon, Forman S.
245 1 0 _aReal computing made real :
_bpreventing errors in scientific and engineering calculations /
_cForman S. Acton.
260 _aMineola, NY :
_bDover Publications,
_c2005.
300 _axv, 259 p. :
_bill. ;
_c21 cm.
500 _aReprint. Originally published: Princeton, NJ : Princeton University Press, c1996.
650 0 _aError analysis (Mathematics)
650 0 _aNumerical analysis
_xData processing.
856 4 2 _3Publisher description
_uhttp://www.loc.gov/catdir/enhancements/fy0624/2005045423-d.html
001 data
999 _c346
_d346